[Event "Olimpiada Dresden 2008 Femenina"]
[Site "Dresden GER"]
[Date "2008.11.21"]
[Round "8.30"]
[White "Hernandez Guerrero, Yadira"]
[Black "Malikgulyewa, Aykamar"]
[Result "1/2-1/2"]
[WhiteElo "2228"]
[BlackElo "2051"]
[PlyCount "80"]
[EventDate "2008.11.13"]
[EventType "team-tourn"]
[EventRounds "11"]
[EventCountry "GER"]
[Source "lmi"]
[SourceDate "2008.11.13"]
[WhiteTeam "México"]
[BlackTeam "Turkmenistán"]
[WhiteTeamCountry "MEX"]
[BlackTeamCountry "TKM"]

1. Nf3 Nf6 2. g3 g6 3. Bg2 Bg7 4. c4 O-O 5. O-O d6 6. d4 c6 7. Nc3 d5 8. Ne5
Bf5 9. Bf4 dxc4 10. Nxc4 Nd5 11. Nxd5 cxd5 12. Ne5 Nc6 13. Rc1 Rc8 14. e3 Nxe5
15. Rxc8 Qxc8 16. dxe5 e6 17. g4 Bc2 18. Qd4 Qc4 19. Rc1 Qe2 20. h3 Be4 21.
Bxe4 dxe4 22. Rc7 Qf3 23. Bg3 h5 24. g5 h4 25. Bxh4 Qxh3 26. Bg3 Qg4 27. b4 b6
28. b5 Kh7 29. Rc4 Qxg5 30. Qxe4 Rd8 31. Rd4 Rc8 32. Qb7 Rc1+ 33. Kg2 Kg8 34.
Qa8+ Bf8 35. Rd8 Qh6 36. Bh2 Qg5+ 37. Bg3 Qh6 38. Bh2 Qg5+ 39. Bg3 Qh6 40. Bh2
Qg5+ 1/2-1/2

[Event "Olimpiada Dresden 2008 Femenina"]
[Site "Dresden GER"]
[Date "2008.11.21"]
[Round "8.30"]
[White "Mendoza Velazquez, Lorena Aleja"]
[Black "Isaeva, Aknyr"]
[Result "0-1"]
[WhiteElo "2015"]
[BlackElo "2063"]
[PlyCount "116"]
[EventDate "2008.11.13"]
[EventType "team-tourn"]
[EventRounds "11"]
[EventCountry "GER"]
[Source "lmi"]
[SourceDate "2008.11.13"]
[WhiteTeam "México"]
[BlackTeam "Turkmenistán"]
[WhiteTeamCountry "MEX"]
[BlackTeamCountry "TKM"]

1. Nf3 Nf6 2. g3 d5 3. Bg2 g6 4. O-O Bg7 5. c4 dxc4 6. Qa4+ c6 7. Qxc4 O-O 8.
d4 Nbd7 9. Nc3 Nb6 10. Qd3 Qc7 11. Bf4 Qd8 12. a3 Be6 13. Qc2 Nbd5 14. Be5 Bh6
15. Nxd5 Bxd5 16. Bxf6 exf6 17. e4 Be6 18. Rfd1 Rc8 19. Nh4 Qb6 20. b4 Rfd8 21.
Qc5 Qxc5 22. bxc5 Bc4 23. f4 Bf8 24. Rac1 Bb5 25. Nf3 b6 26. cxb6 axb6 27. Rc3
Ra8 28. Ra1 c5 29. d5 c4 30. Rb1 Bc5+ 31. Kf1 Ra5 32. Nd2 Ba6 33. Ke1 Bd4 34.
Rcc1 b5 35. Nf3 Bc5 36. a4 Rxa4 37. Ra1 Ba3 38. Rcb1 b4 39. Nd4 b3 40. Nc6 Ra8
41. Bf1 Bb5 42. Kd1 Bc5 43. Rxa4 Rxa4 44. e5 fxe5 45. Nxe5 f6 46. Nf3 c3 47.
Rxb3 Ra1+ 48. Kc2 Bxf1 49. Rb8+ Kf7 50. Rb7+ Ke8 51. Rxh7 Bb4 52. Nd4 Ra2+ 53.
Kb3 Rb2+ 54. Ka4 Bc5 55. Rh8+ Kd7 56. Ne6 Rb4+ 57. Ka5 Rb5+ 58. Ka4 c2 0-1

[Event "Olimpiada Dresden 2008 Femenina"]
[Site "Dresden GER"]
[Date "2008.11.21"]
[Round "8.31"]
[White "Berend, Elvira"]
[Black "Ptacnikova, Lenka"]
[Result "1/2-1/2"]
[WhiteElo "2328"]
[BlackElo "2237"]
[PlyCount "106"]
[EventDate "2008.11.13"]
[EventType "team-tourn"]
[EventRounds "11"]
[EventCountry "GER"]
[Source "lmi"]
[SourceDate "2008.11.13"]
[WhiteTeam "Luxemburgo"]
[BlackTeam "Islandia"]
[WhiteTeamCountry "LUX"]
[BlackTeamCountry "ISL"]

1. e4 c5 2. Nf3 e6 3. d4 cxd4 4. Nxd4 a6 5. Bd3 Nf6 6. O-O Qc7 7. Qe2 d6 8. c4
g6 9. Nc3 Bg7 10. Nf3 Nc6 11. Bf4 Nd7 12. Rfd1 Nce5 13. Rac1 O-O 14. b3 Re8 15.
Ne1 b6 16. Qd2 Bb7 17. Be2 Bf8 18. Bh6 Bxh6 19. Qxh6 Nf6 20. Qe3 Rad8 21. h3
Qc5 22. Qf4 Kg7 23. Nd3 Nxd3 24. Rxd3 g5 25. Qd2 Nxe4 26. Nxe4 Bxe4 27. Rd4 Bg6
28. Rd1 Qe5 29. Bf3 d5 30. cxd5 exd5 31. Rxd5 Rxd5 32. Qxd5 Qxd5 33. Rxd5 Kf6
34. Kf1 Re5 35. Rd6+ Re6 36. Rd4 Ke7 37. Be2 a5 38. Rd5 f6 39. Rd1 Rd6 40. Re1
Re6 41. Rc1 Rd6 42. Ke1 Be4 43. f3 Rc6 44. Rd1 Bf5 45. Bc4 Rd6 46. Rc1 h5 47.
Ke2 h4 48. Ke3 Rc6 49. Rd1 Rc5 50. Kd4 Kd6 51. Ke3+ Ke7 52. Kd4 Kd6 53. Ke3+
Ke5 1/2-1/2

[Event "Olimpiada Dresden 2008 Femenina"]
[Site "Dresden GER"]
[Date "2008.11.21"]
[Round "8.31"]
[White "Thorsteinsdottir, Gudlaug"]
[Black "Wagener, Anna"]
[Result "0-1"]
[WhiteElo "2156"]
[BlackElo "2246"]
[PlyCount "96"]
[EventDate "2008.11.13"]
[EventType "team-tourn"]
[EventRounds "11"]
[EventCountry "GER"]
[Source "lmi"]
[SourceDate "2008.11.13"]
[WhiteTeam "Islandia"]
[BlackTeam "Luxemburgo"]
[WhiteTeamCountry "ISL"]
[BlackTeamCountry "LUX"]

1. d4 f5 2. Nc3 d5 3. Bf4 Nf6 4. e3 e6 5. a3 Be7 6. Nf3 O-O 7. Be2 Ne4 8. Nxe4
dxe4 9. Nd2 Nc6 10. h3 Bd6 11. Bxd6 cxd6 12. c4 f4 13. Nxe4 fxe3 14. O-O Qh4
15. Bg4 d5 16. g3 Qe7 17. cxd5 exd5 18. Nc3 exf2+ 19. Kg2 Qe3 20. Qe2 Qxe2 21.
Nxe2 Bxg4 22. hxg4 Rae8 23. Rxf2 Rxf2+ 24. Kxf2 Re4 25. Rd1 Rxg4 26. Nf4 Rg5
27. Rd3 Rf5 28. Kg2 g5 29. Ne2 Kg7 30. Re3 Rf7 31. Rc3 Re7 32. Kf2 Kf6 33. Rf3+
Kg6 34. Rc3 Re4 35. Rd3 h5 36. Kf3 Kf5 37. Kf2 Kg4 38. b4 a6 39. Rd1 Re7 40.
Nc3 Rf7+ 41. Kg2 Rf3 42. Nxd5 Rxg3+ 43. Kf2 Rf3+ 44. Ke2 Rxa3 45. Nf6+ Kf5 46.
Rf1+ Kg6 47. d5 Nd4+ 48. Kd2 Nf3+ 0-1

[Event "Olimpiada Dresden 2008 Femenina"]
[Site "Dresden GER"]
[Date "2008.11.21"]
[Round "8.31"]
[White "Kristinardottir, Elsa Maria"]
[Black "Bakalarz, Grazyna"]
[Result "0-1"]
[WhiteElo "1776"]
[BlackElo "2001"]
[PlyCount "69"]
[EventDate "2008.11.13"]
[EventType "team-tourn"]
[EventRounds "11"]
[EventCountry "GER"]
[Source "lmi"]
[SourceDate "2008.11.13"]
[WhiteTeam "Islandia"]
[BlackTeam "Luxemburgo"]
[WhiteTeamCountry "ISL"]
[BlackTeamCountry "LUX"]

1. e4 d6 2. d4 Nf6 3. Nc3 g6 4. Nf3 Bg7 5. Be2 O-O 6. O-O Bg4 7. Be3 Nc6 8. Qd2
e5 9. dxe5 dxe5 10. Rad1 Qc8 11. Bg5 Bxf3 12. Bxf3 Nd4 13. Bxf6 Bxf6 14. Nd5
Bd8 15. Be2 c6 16. Ne3 Bg5 17. c3 Ne6 18. Bg4 Rd8 19. Qc2 Bxe3 20. fxe3 Rxd1
21. Rxd1 h5 22. Bh3 Qe8 23. Bxe6 Qxe6 24. b3 Qe7 25. Qd3 Qg5 26. Kf2 Qh4+ 27.
Kg1 Kg7 28. a3 Qg5 29. Kf2 Re8 30. g3 h4 31. a4 hxg3+ 32. hxg3 Rh8 33. Rg1 Rh2+
34. Rg2 Rh1 35. Qd6 0-1

[Event "Olimpiada Dresden 2008 Femenina"]
[Site "Dresden GER"]
[Date "2008.11.21"]
[Round "8.32"]
[White "Blackburn, Suzie G"]
[Black "Mencos, Claudia"]
[Result "1-0"]
[WhiteElo "1883"]
[BlackElo "1914"]
[PlyCount "129"]
[EventDate "2008.11.13"]
[EventType "team-tourn"]
[EventRounds "11"]
[EventCountry "GER"]
[Source "lmi"]
[SourceDate "2008.11.13"]
[WhiteTeam "Gales"]
[BlackTeam "Guatemala"]
[WhiteTeamCountry "WLS"]
[BlackTeamCountry "GUA"]

1. d4 d5 2. Nf3 Nf6 3. Bg5 Ne4 4. Bh4 c6 5. c3 Qb6 6. Qb3 Bf5 7. Nbd2 Nd7 8. e3
e6 9. Be2 Bd6 10. Nxe4 Bxe4 11. O-O O-O 12. Nd2 Bg6 13. Bf3 c5 14. Qxb6 Nxb6
15. Bg3 Bxg3 16. hxg3 Rac8 17. Bd1 cxd4 18. exd4 Rc7 19. Re1 Rfc8 20. a4 Nd7
21. Nb3 Nb6 22. Nd2 Nd7 23. Nb3 Rb8 24. Be2 Nf6 25. f3 Nd7 26. Rec1 Kf8 27. Kf2
Rd8 28. Bb5 Nb8 29. Re1 Rd6 30. Ra2 Bc2 31. Nc5 b6 32. Na6 Nxa6 33. Bxa6 Bb3
34. Ra3 Bc4 35. Bxc4 Rxc4 36. g4 Rdc6 37. Ke3 Rc7 38. Kd3 a6 39. Rea1 Ke7 40.
Rb3 Rb7 41. Ra2 h6 42. Ra1 Kf6 43. g3 b5 44. axb5 axb5 45. Ra5 b4 46. Rc5 Ra7
47. Rxc4 dxc4+ 48. Kxc4 bxc3 49. Rxc3 Ke7 50. b4 Kd6 51. Kb5 Rb7+ 52. Ka5 Kd5
53. b5 Kxd4 54. Rc6 Ke3 55. f4 Kf3 56. Rc3+ Kxg4 57. Ka6 Rb8 58. b6 h5 59. Ka7
Rxb6 60. Kxb6 h4 61. gxh4 Kxf4 62. Rc7 g6 63. Rxf7+ Kg4 64. Rf6 Kxh4 65. Rxg6
1-0

[Event "Olimpiada Dresden 2008 Femenina"]
[Site "Dresden GER"]
[Date "2008.11.21"]
[Round "8.32"]
[White "Monterroso, Karla"]
[Black "Owens, Megan R"]
[Result "0-1"]
[WhiteElo "1733"]
[BlackElo "1783"]
[PlyCount "88"]
[EventDate "2008.11.13"]
[EventType "team-tourn"]
[EventRounds "11"]
[EventCountry "GER"]
[Source "lmi"]
[SourceDate "2008.11.13"]
[WhiteTeam "Guatemala"]
[BlackTeam "Gales"]
[WhiteTeamCountry "GUA"]
[BlackTeamCountry "WLS"]

1. e4 c5 2. Nf3 a6 3. d4 cxd4 4. Nxd4 e5 5. Nb3 Nf6 6. c4 Nxe4 7. Qd5 Bb4+ 8.
N1d2 Nf6 9. Qxe5+ Qe7 10. Qxe7+ Kxe7 11. a3 Bd6 12. c5 Bc7 13. Be2 Re8 14. O-O
Kf8 15. Bf3 Nc6 16. Nc4 Ne5 17. Nxe5 Bxe5 18. Na5 Bd4 19. Nxb7 Rb8 20. Nd6 Re6
21. Rb1 Bxc5 22. Nxc8 Rxc8 23. Bd2 Ne4 24. Bf4 h6 25. Rbe1 Nxf2 26. Rxe6 Nd3+
27. Be3 dxe6 28. Bxc5+ Rxc5 29. b4 Rc2 30. Bb7 Ra2 31. Bxa6 Rxa3 32. b5 Nc5 33.
Rc1 Nxa6 34. Rc8+ Ke7 35. Ra8 Ra1+ 36. Kf2 Ra2+ 37. Kf1 Nb4 38. Rg8 Nd5 39.
Rxg7 Rb2 40. Rh7 Ne3+ 41. Kg1 Rxg2+ 42. Kh1 Rb2 43. Kg1 Rxb5 44. Rxh6 Rb1+ 0-1

[Event "Olimpiada Dresden 2008 Femenina"]
[Site "Dresden GER"]
[Date "2008.11.21"]
[Round "8.34"]
[White "Wilman, Carey"]
[Black "Mouradian, Suzan"]
[Result "1/2-1/2"]
[WhiteElo "2037"]
[BlackElo "1828"]
[PlyCount "89"]
[EventDate "2008.11.13"]
[EventType "team-tourn"]
[EventRounds "11"]
[EventCountry "GER"]
[Source "lmi"]
[SourceDate "2008.11.13"]
[WhiteTeam "Escocia"]
[BlackTeam "Líbano"]
[WhiteTeamCountry "SCO"]
[BlackTeamCountry "LBN"]

1. d4 Nf6 2. Nf3 c5 3. c3 e6 4. Bg5 cxd4 5. Qxd4 Be7 6. Nbd2 h6 7. Bh4 Nc6 8.
Qa4 O-O 9. e4 d5 10. Be2 Bd7 11. Bxf6 Bxf6 12. Qc2 dxe4 13. Nxe4 Be7 14. Rd1
Qc7 15. O-O Rfd8 16. h3 Nb4 17. Qb1 Nd5 18. Rfe1 Nf4 19. Bf1 Ng6 20. Qc1 Bc6
21. Nd4 Be8 22. a3 Qb6 23. b4 Rac8 24. Qb2 Bd7 25. Nb3 Qc7 26. c4 b6 27. c5 f5
28. Nd6 Bxd6 29. cxd6 Qc3 30. Qb1 Kf7 31. Rc1 Qf6 32. Rc7 Rxc7 33. dxc7 Rc8 34.
Rc1 Nf4 35. g3 Nd5 36. Qd3 Qe5 37. Nd4 Rxc7 38. Rxc7 Qxc7 39. Nxf5 exf5 40.
Qxd5+ Be6 41. Qd2 Qe5 42. Qc1 Qd6 43. Bc4 Bxc4 44. Qxc4+ Qe6 45. Qc7+ 1/2-1/2

[Event "Olimpiada Dresden 2008 Femenina"]
[Site "Dresden GER"]
[Date "2008.11.21"]
[Round "8.38"]
[White "Vargas, Gabriela"]
[Black "Terao, Juliana Sayumi"]
[Result "1/2-1/2"]
[WhiteElo "2055"]
[BlackElo "2143"]
[PlyCount "74"]
[EventDate "2008.11.13"]
[EventType "team-tourn"]
[EventRounds "11"]
[EventCountry "GER"]
[Source "lmi"]
[SourceDate "2008.11.13"]
[WhiteTeam "Paraguay"]
[BlackTeam "Brasil"]
[WhiteTeamCountry "PAR"]
[BlackTeamCountry "BRA"]

1. d4 Nf6 2. Nf3 g6 3. Bg5 Bg7 4. Nbd2 d5 5. e3 O-O 6. Be2 c5 7. O-O Nc6 8. c3
Ne4 9. Nxe4 dxe4 10. Nd2 Qd5 11. Bf4 cxd4 12. exd4 e5 13. dxe5 Nxe5 14. Bxe5
Qxe5 15. Nc4 Qg5 16. Qc1 Qh4 17. Qe3 Bh6 18. Qg3 Qxg3 19. hxg3 Be6 20. Nd6 e3
21. f4 Rfd8 22. Rfd1 Bf8 23. Nc4 Bc5 24. Kf1 a6 25. b3 Rac8 26. Ne5 Ba3 27.
Rxd8+ Rxd8 28. Rd1 Rd2 29. Rxd2 exd2 30. Nf3 Bc1 31. Kf2 Bf5 32. Bd1 Bd3 33.
Ke3 Bf1 34. Kf2 Bd3 35. c4 h5 36. Ke3 Bf1 37. Nxd2 Bxg2 1/2-1/2

[Event "Olimpiada Dresden 2008 Femenina"]
[Site "Dresden GER"]
[Date "2008.11.21"]
[Round "8.39"]
[White "Zsiltzova-Lisenko, Lubov"]
[Black "Wijesuriya, G V."]
[Result "1/2-1/2"]
[WhiteElo "2265"]
[BlackElo "1937"]
[PlyCount "133"]
[EventDate "2008.11.13"]
[EventType "team-tourn"]
[EventRounds "11"]
[EventCountry "GER"]
[Source "lmi"]
[SourceDate "2008.11.13"]
[WhiteTeam "Ucrania"]
[BlackTeam "Sri Lanka"]
[WhiteTeamCountry "UKR"]
[BlackTeamCountry "SRI"]

1. e4 e5 2. f4 d6 3. Nf3 Bg4 4. Bc4 Bxf3 5. Qxf3 Nc6 6. c3 Nf6 7. O-O Qd7 8. h3
O-O-O 9. b4 d5 10. exd5 Nxd5 11. Qf2 Kb8 12. fxe5 Nxe5 13. Be2 Nf6 14. d4 Ng6
15. Bf3 Re8 16. Nd2 Bd6 17. Nc4 Ne4 18. Bxe4 Rxe4 19. Nxd6 Qxd6 20. Bd2 f6 21.
Rae1 Rhe8 22. a4 Qd5 23. a5 Qb5 24. Rxe4 Rxe4 25. Re1 Qd3 26. Kh2 Ne7 27. a6
bxa6 28. Rxe4 Qxe4 29. Qf1 Kb7 30. Qc4 Nd5 31. b5 axb5 32. Qxb5+ Nb6 33. Qb4
Qd5 34. Bf4 Qc4 35. Qf8 Qxc3 36. Qxg7 Nd5 37. Bg3 Qxd4 38. Qxh7 a5 39. Qd7 Qc4
40. h4 Ne3 41. Kh3 f5 42. Bf4 Nd5 43. Bg3 f4 44. Bf2 a4 45. h5 a3 46. Qg7 Qb3+
47. Kh2 Ne3 48. Bxe3 fxe3 49. h6 Qb2 50. Qe7 e2 51. Qe4+ Kb6 52. Qe3+ Kb5 53.
Qe8+ Kc5 54. Qe7+ Kd5 55. Qd8+ Ke4 56. Qa8+ Kf5 57. Qa5+ Qe5+ 58. Qxe5+ Kxe5
59. h7 e1=Q 60. h8=Q+ Kd5 61. Qd8+ Kc6 62. Qa8+ Kd7 63. Qxa3 Qh4+ 64. Kg1 Qe1+
65. Kh2 Qh4+ 66. Kg1 Qe1+ 67. Kh2 1/2-1/2

[Event "Olimpiada Dresden 2008 Femenina"]
[Site "Dresden GER"]
[Date "2008.11.21"]
[Round "8.39"]
[White "Thilakawardana, Supeshala"]
[Black "Debowska, Teresa"]
[Result "0-1"]
[WhiteElo "1815"]
[BlackElo "1916"]
[PlyCount "138"]
[EventDate "2008.11.13"]
[EventType "team-tourn"]
[EventRounds "11"]
[EventCountry "GER"]
[Source "lmi"]
[SourceDate "2008.11.13"]
[WhiteTeam "Sri Lanka"]
[BlackTeam "Polonia"]
[WhiteTeamCountry "SRI"]
[BlackTeamCountry "POL"]

1. d4 Nf6 2. c4 g6 3. Nc3 Bg7 4. e4 d6 5. f3 O-O 6. Be3 e5 7. d5 Nbd7 8. Qd2
Ne8 9. g4 Qh4+ 10. Bf2 Qe7 11. h4 a5 12. Bd3 Nc5 13. Bc2 Bd7 14. Be3 Rb8 15. a3
a4 16. Bxc5 dxc5 17. Bxa4 Bxa4 18. Nxa4 b5 19. cxb5 Rxb5 20. Nc3 Rb7 21. Rb1 c4
22. Qe2 Qc5 23. Nh3 Nd6 24. Nf2 Rfb8 25. Nfd1 Rb3 26. Qf2 Qa5 27. Qd2 f6 28.
Ke2 Bf8 29. Ra1 Nf7 30. Rf1 Bc5 31. Ra2 Bd4 32. f4 Qa6 33. Rf3 Qd6 34. f5 g5
35. h5 Nh6 36. Rg3 Qa6 37. Kf1 Qa5 38. Qe2 Qa6 39. Kg2 Nf7 40. Qc2 Nd6 41. Ne2
Rxg3+ 42. Nxg3 Rb3 43. Ne2 Qb6 44. Ndc3 Be3 45. Kf3 Bf2 46. Qd2 Bh4 47. Nc1 Qg1
48. Nxb3 Qg3+ 49. Ke2 cxb3 50. Ra1 Qxg4+ 51. Kd3 Qxh5 52. Qe2 Qe8 53. Kd2 Bg3
54. Rh1 Bf4+ 55. Kd1 Qd7 56. Rh3 c5 57. Qa6 g4 58. Rh1 c4 59. Qc6 Qa7 60. Ne2
Nxe4 61. Qe8+ Kg7 62. Rf1 Bg5 63. Qc6 g3 64. d6 Nf2+ 65. Ke1 Nd3+ 66. Kd1 Nxb2+
67. Ke1 Qa5+ 68. Nc3 Qxc3+ 69. Ke2 Qe3# 0-1

[Event "Olimpiada Dresden 2008 Femenina"]
[Site "Dresden GER"]
[Date "2008.11.21"]
[Round "8.40"]
[White "Jamila, Juma"]
[Black "Frank-Nielsen, Marie"]
[Result "0-1"]
[WhiteElo "1744"]
[BlackElo "1971"]
[PlyCount "55"]
[EventDate "2008.11.13"]
[EventType "team-tourn"]
[EventRounds "11"]
[EventCountry "GER"]
[Source "lmi"]
[SourceDate "2008.11.13"]
[WhiteTeam "Emiratos Arabes Unidos"]
[BlackTeam "Dinamarca"]
[WhiteTeamCountry "UAE"]
[BlackTeamCountry "DEN"]

1. d4 d5 2. Nf3 c6 3. g3 Bf5 4. Bg2 h6 5. O-O Nf6 6. c4 e6 7. Nc3 Nbd7 8. b3
Be7 9. Re1 O-O 10. Bb2 Ne4 11. Nd2 Nxc3 12. Bxc3 Nf6 13. e4 dxe4 14. Nxe4 Qc7
15. Qe2 Rfe8 16. Nd2 Rad8 17. Rad1 a6 18. Nf3 Ne4 19. Qb2 Nxc3 20. Qxc3 Bf6 21.
Ne5 c5 22. Qe3 cxd4 23. Rxd4 Bxe5 24. Rxd8 Rxd8 25. Qxe5 Qxe5 26. Rxe5 Rd1+ 27.
Bf1 Bh3 28. Re4 0-1

[Event "Olimpiada Dresden 2008 Femenina"]
[Site "Dresden GER"]
[Date "2008.11.21"]
[Round "8.41"]
[White "Muhtojzoda, Asila"]
[Black "Gonchar, Svitlana"]
[Result "1/2-1/2"]
[WhiteElo "1640"]
[BlackElo "1844"]
[PlyCount "83"]
[EventDate "2008.11.13"]
[EventType "team-tourn"]
[EventRounds "11"]
[EventCountry "GER"]
[Source "lmi"]
[SourceDate "2008.11.13"]
[WhiteTeam "Tayikistán"]
[BlackTeam "Ucrania"]
[WhiteTeamCountry "TJK"]
[BlackTeamCountry "UKR"]

1. d4 Nf6 2. Nf3 e6 3. c4 d5 4. Nc3 Be7 5. Bg5 Nbd7 6. e3 h6 7. Bf4 c6 8. Qc2
O-O 9. Bd3 dxc4 10. Bxc4 b5 11. Be2 a6 12. O-O Bb7 13. Rfd1 Nh5 14. Bg3 Nxg3
15. hxg3 Nf6 16. Ne1 Rc8 17. Ne4 Nxe4 18. Qxe4 Qd5 19. Qxd5 cxd5 20. Rac1 Rfd8
21. a3 b4 22. axb4 Bxb4 23. Nd3 a5 24. Nxb4 axb4 25. Bb5 Kf8 26. Kf1 Ke7 27.
Ke2 Rxc1 28. Rxc1 Rc8 29. Rxc8 Bxc8 30. f4 Bd7 31. Bxd7 Kxd7 32. g4 f5 33. gxf5
exf5 34. g3 Kc6 35. b3 Kd6 36. Kf2 Ke6 37. Kg2 g5 38. Kh3 Kf6 39. Kh2 Kg6 40.
Kg2 Kf6 41. Kh3 Kg6 42. Kg2 1/2-1/2

[Event "Olimpiada Dresden 2008 Femenina"]
[Site "Dresden GER"]
[Date "2008.11.21"]
[Round "8.44"]
[White "Cordero, Daniela"]
[Black "Sanchez Rodriguez, Wilmairi"]
[Result "1/2-1/2"]
[WhiteElo "1990"]
[BlackElo "1773"]
[PlyCount "85"]
[EventDate "2008.11.13"]
[EventType "team-tourn"]
[EventRounds "11"]
[EventCountry "GER"]
[Source "lmi"]
[SourceDate "2008.11.13"]
[WhiteTeam "Bolivia"]
[BlackTeam "Puerto Rico"]
[WhiteTeamCountry "BOL"]
[BlackTeamCountry "PUR"]

1. d4 Nf6 2. Nf3 g6 3. c4 Bg7 4. g3 O-O 5. Bg2 d6 6. O-O Nbd7 7. Nc3 e5 8. e4
exd4 9. Nxd4 Ne5 10. b3 Re8 11. f4 Ned7 12. h3 Nh5 13. Kh2 Nc5 14. Bb2 Rb8 15.
b4 Ne6 16. Nd5 Nf6 17. Qd3 Nxd5 18. cxd5 Nxd4 19. Bxd4 a6 20. Rac1 Bd7 21. Bxg7
Kxg7 22. Qc3+ Kg8 23. Qxc7 Bb5 24. Rfe1 Qe7 25. e5 dxe5 26. fxe5 Qxb4 27. e6
fxe6 28. dxe6 Qe7 29. Qe5 Rbc8 30. a4 Bxa4 31. Rf1 Qg7 32. Qa5 Rxc1 33. Rxc1
Bc6 34. Rf1 Qb2 35. Rg1 Rxe6 36. Kh1 Bxg2+ 37. Rxg2 Qc1+ 38. Kh2 Re1 39. Qd8+
Kg7 40. Qd4+ Kh6 41. Qh4+ Kg7 42. Qd4+ Kh6 43. Qh4+ 1/2-1/2

[Event "Olimpiada Dresden 2008 Femenina"]
[Site "Dresden GER"]
[Date "2008.11.21"]
[Round "8.46"]
[White "Al-Omari, Dalya"]
[Black "Milligan, Helen"]
[Result "0-1"]
[WhiteElo "2109"]
[BlackElo "1957"]
[PlyCount "114"]
[EventDate "2008.11.13"]
[EventType "team-tourn"]
[EventRounds "11"]
[EventCountry "GER"]
[Source "lmi"]
[SourceDate "2008.11.13"]
[WhiteTeam "Irak"]
[BlackTeam "Nueva Zelanda"]
[WhiteTeamCountry "IRQ"]
[BlackTeamCountry "NZL"]

1. d4 Nf6 2. Nf3 e6 3. Bf4 c5 4. e3 Qb6 5. b3 Nc6 6. Nbd2 d5 7. c3 Bd7 8. Be2
Be7 9. O-O Rc8 10. Rc1 O-O 11. h3 cxd4 12. exd4 Ne8 13. Ne5 Nxe5 14. Bxe5 f6
15. Bh2 Bd6 16. Nf3 Bxh2+ 17. Nxh2 Nd6 18. Bd3 Bb5 19. Ng4 Bxd3 20. Qxd3 Rfd8
21. Rfe1 Nf7 22. Qg3 Kf8 23. Re2 Qd6 24. Qd3 Kg8 25. Rce1 Re8 26. h4 Rc6 27.
Re3 Ra6 28. R1e2 Qf4 29. Rg3 Kh8 30. Qc2 Nd6 31. Ree3 Ne4 32. Ref3 Qd2 33. Qxd2
Nxd2 34. Re3 Ne4 35. Rh3 Rxa2 36. c4 Ra1+ 37. Kh2 h5 38. Nh6 gxh6 39. cxd5 exd5
40. f3 Nd6 41. f4 Rxe3 42. Rxe3 Ne4 43. Re2 Rb1 44. Rc2 Rxb3 45. Rc7 a5 46. Rd7
Rb5 47. f5 a4 48. Rd8+ Kg7 49. Rd7+ Kf8 50. Rh7 a3 51. Rxh6 a2 52. Rxh5 a1=Q
53. Rh8+ Ke7 54. Rh7+ Kd6 55. Rh8 Rb1 56. Kh3 Rh1+ 57. Kg4 Qd1+ 0-1

[Event "Olimpiada Dresden 2008 Femenina"]
[Site "Dresden GER"]
[Date "2008.11.21"]
[Round "8.46"]
[White "Gao, Judy"]
[Black "Qane, Chnar"]
[Result "1-0"]
[WhiteElo "1896"]
[BlackElo "1913"]
[PlyCount "103"]
[EventDate "2008.11.13"]
[EventType "team-tourn"]
[EventRounds "11"]
[EventCountry "GER"]
[Source "lmi"]
[SourceDate "2008.11.13"]
[WhiteTeam "Nueva Zelanda"]
[BlackTeam "Irak"]
[WhiteTeamCountry "NZL"]
[BlackTeamCountry "IRQ"]

1. d4 Nf6 2. Bf4 g6 3. e3 Bg7 4. Nd2 d5 5. Bd3 Nbd7 6. Ngf3 O-O 7. h3 c5 8. c3
Re8 9. Ne5 c4 10. Bc2 Nh5 11. Ndf3 Nxf4 12. exf4 f6 13. Nxd7 Bxd7 14. O-O Bh6
15. f5 Bxf5 16. Bxf5 gxf5 17. Nh4 e6 18. Qh5 Bg7 19. Rfe1 Qd7 20. f4 Qf7 21.
Qf3 b5 22. Re3 Kf8 23. Rae1 Bh6 24. g3 Rad8 25. Qe2 Bg7 26. Rxe6 Rxe6 27. Qxe6
Qxe6 28. Rxe6 Kf7 29. Ra6 Rd7 30. a3 Bf8 31. Nxf5 Be7 32. Kf2 Bd8 33. Nd6+ Kg6
34. Nc8 Bb6 35. Nxb6 axb6 36. Rxb6 Kf5 37. Kf3 b4 38. g4+ Kg6 39. Rxb4 h5 40.
Rb6 hxg4+ 41. hxg4 Kf7 42. f5 Ke7 43. Kf4 Rd8 44. g5 fxg5+ 45. Kxg5 Rg8+ 46.
Kf4 Kd7 47. Ke5 Kc7 48. Rb5 Kc6 49. Rc5+ Kb6 50. Kxd5 Rg5 51. Kxc4 Rg2 52. a4
1-0

[Event "Olimpiada Dresden 2008 Femenina"]
[Site "Dresden GER"]
[Date "2008.11.21"]
[Round "8.48"]
[White "Yueh, Elsa Wei Chung"]
[Black "Ui Laighleis, Gearoidin"]
[Result "0-1"]
[WhiteElo "1612"]
[BlackElo "1935"]
[PlyCount "163"]
[EventDate "2008.11.13"]
[EventType "team-tourn"]
[EventRounds "11"]
[EventCountry "GER"]
[Source "lmi"]
[SourceDate "2008.11.13"]
[WhiteTeam "TPE"]
[BlackTeam "Irlanda"]
[BlackTeamCountry "IRL"]

1. Nf3 Nf6 2. c4 g6 3. g3 Bg7 4. Bg2 d5 5. O-O O-O 6. cxd5 Nxd5 7. Nc3 Nxc3 8.
dxc3 Qxd1 9. Rxd1 c6 10. Bf4 Nd7 11. Rd2 Nb6 12. e4 Nc4 13. Rc2 Bd7 14. Nd2
Nxd2 15. Rxd2 Be6 16. Be3 b6 17. Bf1 Rad8 18. Be2 Rxd2 19. Bxd2 Rd8 20. Be3 c5
21. a4 Be5 22. Rd1 Rxd1+ 23. Bxd1 Bd6 24. f4 f6 25. Kf2 Bc4 26. Bc2 Kf8 27. Kf3
Ba6 28. Bd2 Bb7 29. Kf2 Bc6 30. Be3 Bd7 31. Kf3 Bc6 32. Kf2 e6 33. Bd2 b5 34.
axb5 Bxb5 35. Be3 a5 36. Bd2 a4 37. Ke3 Ke7 38. Bd3 Bc6 39. Bc4 h5 40. Be1 Kd7
41. h4 Be7 42. Kd3 Bd8 43. Bf2 Be7 44. Be1 Kd6 45. Bf2 Be8 46. Be3 Bc6 47. Kd2
Bxe4 48. Bb5 Bc6 49. Be2 Be8 50. Bf3 e5 51. Be4 exf4 52. Bxf4+ Kd7 53. Bd5 Bd6
54. Kd3 Be7 55. Kc4 g5 56. hxg5 fxg5 57. Be3 h4 58. gxh4 gxh4 59. Bg2 Bf7+ 60.
Kb5 Bb3 61. Bxc5 Bg5 62. Ba3 Ke6 63. c4 Kf5 64. c5 Kg4 65. c6 Be6 66. Bd6 Bf4
67. Bxf4 Kxf4 68. Kxa4 Kg3 69. Be4 h3 70. b4 h2 71. c7 Bc8 72. b5 Kf4 73. Bh1
Ke5 74. b6 Kd6 75. Kb5 Kd7 76. Kc5 Ba6 77. Kb4 Bc8 78. Kc5 Ba6 79. Kb4 Kc8 80.
Kc5 Bb7 81. Kd6 Ba6 82. Ke5 0-1

[Event "Olimpiada Dresden 2008 Femenina"]
[Site "Dresden GER"]
[Date "2008.11.21"]
[Round "8.49"]
[White "Gonzalez, Yaribeth"]
[Black "Mezioud, Amina"]
[Result "0-1"]
[WhiteElo "1912"]
[BlackElo "2028"]
[PlyCount "76"]
[EventDate "2008.11.13"]
[EventType "team-tourn"]
[EventRounds "11"]
[EventCountry "GER"]
[Source "lmi"]
[SourceDate "2008.11.13"]
[WhiteTeam "Panamá"]
[BlackTeam "Argelia"]
[WhiteTeamCountry "PAN"]
[BlackTeamCountry "ALG"]

1. e4 d6 2. Nf3 g6 3. Bc4 Bg7 4. d4 Nf6 5. Nc3 O-O 6. h3 c6 7. Bf4 b5 8. Bb3 b4
9. e5 dxe5 10. dxe5 bxc3 11. exf6 Bxf6 12. O-O cxb2 13. Rb1 Qa5 14. Bd2 Qc7 15.
Ng5 c5 16. c3 c4 17. Bc2 Bb7 18. Qe2 Nd7 19. Rxb2 Rac8 20. Rfb1 Ba8 21. Ne4 Bg7
22. Ng5 Nf6 23. Ne4 Nd5 24. Rb5 Nf4 25. Qe3 Ne6 26. R5b4 Rfd8 27. Ra4 Bxe4 28.
Bxe4 Qd7 29. Rxa7 Qxd2 30. Qxd2 Rxd2 31. a4 Bxc3 32. Rxe7 Bf6 33. Ra7 Bd4 34.
Ra8 Rxa8 35. Bxa8 Rxf2 36. Kh1 Ra2 37. Rb4 c3 38. Rc4 c2 0-1